Fast Typing 100 to 1 - Statistics

General Stats
  • This quiz has been taken 44 times
  • The average score is 66 of 100
Answer Stats
Answer % Correct
100
100%
99
100%
90
97%
91
97%
92
97%
93
97%
94
97%
95
97%
96
97%
97
97%
98
97%
83
94%
84
94%
85
94%
86
94%
87
94%
88
94%
89
94%
75
91%
76
91%
77
91%
78
91%
79
91%
80
91%
81
91%
82
91%
71
88%
72
88%
73
88%
74
88%
70
85%
63
82%
64
82%
65
82%
66
82%
67
82%
68
82%
69
82%
54
76%
55
76%
56
76%
57
76%
58
76%
59
76%
60
76%
61
76%
62
76%
45
74%
46
74%
47
74%
48
74%
49
74%
50
74%
51
74%
52
74%
53
74%
44
68%
41
65%
42
65%
43
65%
39
62%
40
62%
36
59%
37
59%
38
59%
32
56%
33
56%
34
56%
35
56%
30
47%
31
47%
28
44%
29
44%
23
41%
24
41%
25
41%
26
41%
27
41%
22
38%
21
35%
17
32%
18
32%
19
32%
20
32%
15
29%
16
29%
11
26%
12
26%
13
26%
14
26%
1
24%
10
24%
2
24%
3
24%
4
24%
5
24%
6
24%
7
24%
8
24%
9
24%
No matching quizzes found
Score Distribution
Percent of People with Each Score
Percentile by Number Answered
Your Score History
You have not taken this quiz